000 01207nam a2200241Ia 4500
999 _c36538
_d36538
001 2456
003 GE_BSU
005 20211122130239.0
008 181216s2007||||ge |||||||||||||| ||geo||
040 _cGE_BSU
041 _ageo
080 _a342.9(479.22)(094.4) ს-32
100 _aავტ:კოლ.გიორგაძე,გ,კოპალეიშვილი,მ,ლორია,ა,და სხვ...
_912996
245 _aსაქართველოს ადმინისტრაციული საპროცესო კოდექსის კომენტარი /
_cგ. გიორგაძე, მ. კოპალეიშვილი, ა. ლორია [და სხვ.] ; [რედ. ვ. ლორია].
264 _aთბილისი :
_bბონა კაუზა,
_c2007.
300 _a317გვ. ;
_b20სმ.
541 _h12ლ.
653 _aსამართალი
700 _a გიორგაძე, გ.
_eავტორი
_912997
700 _a კოპალეიშვილი, მ. და სხვ.
_eავტორი
_912998
700 _aლორია, ვ.
_eრედაქტორი
_96812
942 _cBK
_2udc